Derivatives demystified : (Record no. 22568)
[ view plain ]
| 000 -LEADER | |
|---|---|
| fixed length control field | 00899cam a22002655a 4500 |
| 001 - CONTROL NUMBER | |
| control field | 16155491 |
| 005 - DATE AND TIME OF LATEST TRANSACTION | |
| control field | 20161013131545.0 |
| 008 - FIXED-LENGTH DATA ELEMENTS--GENERAL INFORMATION | |
| fixed length control field | 100326s2010 enka frbd 001 0 eng d |
| 020 ## - INTERNATIONAL STANDARD BOOK NUMBER | |
| International Standard Book Number | 9780470749371 |
| 020 ## - INTERNATIONAL STANDARD BOOK NUMBER | |
| International Standard Book Number | 0470749377 |
| 040 ## - CATALOGING SOURCE | |
| Original cataloging agency | DLC |
| Transcribing agency | DLC |
| Modifying agency | BTCTA |
| -- | YDXCP |
| -- | C#P |
| -- | CDX |
| -- | DLC |
| -- | EG-ScBUE |
| Language of cataloging | eng |
| 082 04 - DEWEY DECIMAL CLASSIFICATION NUMBER | |
| Classification number | 332.6457 |
| Edition number | 22 |
| Item number | CHI |
| 100 1# - MAIN ENTRY--PERSONAL NAME | |
| Personal name | Chisholm, Andrew, |
| Dates associated with a name | 1959- |
| 9 (RLIN) | 41545 |
| 245 10 - TITLE STATEMENT | |
| Title | Derivatives demystified : |
| Remainder of title | a step-by-step guide to forwards, futures, swaps and options / |
| Statement of responsibility, etc | Andrew M. Chisholm. |
| 250 ## - EDITION STATEMENT | |
| Edition statement | 2nd ed. |
| 260 ## - PUBLICATION, DISTRIBUTION, ETC. (IMPRINT) | |
| Place of publication, distribution, etc | Chichester : |
| Name of publisher, distributor, etc | John Wiley & Sons, |
| Date of publication, distribution, etc | 2010. |
| 300 ## - PHYSICAL DESCRIPTION | |
| Extent | xvii, 268 p. : |
| Other physical details | ill. ; |
| Dimensions | 25 cm. |
| 490 0# - Series Statement | |
| Series statement | Wiley finance. |
| 500 ## - GENERAL NOTE | |
| General note | Glossary : p. 239-254. |
| 500 ## - GENERAL NOTE | |
| General note | Index : p. [255]-268. |
| 504 ## - BIBLIOGRAPHY, ETC. NOTE | |
| Bibliography, etc | Includes bibliographical references and index. |
| 650 #7 - SUBJECT ADDED ENTRY--TOPICAL TERM | |
| Topical term or geographic name as entry element | Derivative securities. |
| Source of heading or term | BUEsh |
| 9 (RLIN) | 3234 |
| 653 ## - INDEX TERM--UNCONTROLLED | |
| Resource For college | BAEPS, Business Administration |
| Arrived date list | October2016 |
| 942 ## - ADDED ENTRY ELEMENTS (KOHA) | |
| Source of classification or shelving scheme | Dewey Decimal Classification |
| Withdrawn status | Item status | Source of classification or shelving scheme | Damaged status | Not for loan | Vendor | Home library | Current library | Shelving location | Date acquired | Source of acquisition | Cost, normal purchase price | Serial Enumeration / chronology | Total Checkouts | Full call number | Barcode | Date last seen | Cost, replacement price | Koha item type |
|---|---|---|---|---|---|---|---|---|---|---|---|---|---|---|---|---|---|---|
| Dewey Decimal Classification | Academic Bookshop | Central Library | Central Library | First floor | 13/10/2016 | Purchase | 373.00 | 9154 | 332.6457 CHI | 000034086 | 15/07/2025 | 466.00 | Book - Borrowing |